Banská Štiavnica Sitno 1011 m

Zobrazenie: V bielom orámovaní pohľad z lúky na zalesnený kopec s kamenným bralom, na ktorom stojí rozhľadňa. V popredí na lúke v strede stoja dvaja muži a obďaleč nich vľavo je strom. V pravom dolnom rohu je krík

Bibliographic Details
Format: Photo
Language:Slovak
PhysicalDescription:1 pohľadnica čiernobiela 9 x 15 cm
Published: B. Štiavnica Fr. Müller, kníhkupec [medzi 1919 a 1955?]
Subjects:

MARC

LEADER 00000nkm a2200000 a 4500
001 vtls011970321
003 SK-MaSNL
005 20260301103920.0
007 kf bo
008 231120q1919 xo g kuslo
015 |a SNBG 
035 |a urn:nbn:sk:snk-km00eimi 
035 |a urn:nbn:sk:snk-km45wul 
035 |a 4DEEDDA2-99B9-4962-A54E-1422E29DA608 
040 |a SNK  |b slo  |c SNK  |e AACR2 
041 0 |a slo 
043 |a e-xo--- 
044 |a xo  |c SK 
072 7 |a 908(437)  |x Vlastiveda Česka a Slovenska  |2 konspekt 
080 |a 908(437.6)  |2 2011 
080 |a (084.121)  |2 2011 
080 |a 551.24.055  |2 2011 
080 |a 72/(188)-024.544  |2 2011 
245 0 0 |a Banská Štiavnica  |h grafika  |b Sitno 1011 m 
260 |a B. Štiavnica  |b Fr. Müller, kníhkupec  |c [medzi 1919 a 1955?]  |e Holice  |f Grafo Čuda 
300 |a 1 pohľadnica  |b čiernobiela  |c 9 x 15 cm 
520 8 |a Zobrazenie: V bielom orámovaní pohľad z lúky na zalesnený kopec s kamenným bralom, na ktorom stojí rozhľadňa. V popredí na lúke v strede stoja dvaja muži a obďaleč nich vľavo je strom. V pravom dolnom rohu je krík 
650 0 7 |a vrchy a štíty  |2 SNKPH  |9 165131 
650 0 7 |a rozhľadne  |2 SNKPH  |9 55576 
651 7 |a Sitno (Štiavnické vrchy, Slovensko : vrch)  |2 SNKPHgeo  |9 21334 
655 7 |a geografické pohľadnice  |2 SNKPH  |9 70522 
752 |a Slovensko  |d Banská Štiavnica 
852 |a Slovenská národná knižnica 
954 |a pohľadnice pôvodné (slovenské)  |2 lita 
954 |a pohľadnice cudzojazyčné (svetové)  |2 lita 
958 |a OND 
958 |a GBN 
958 |a GC 
958 |a EUIPO 
999 |c 696613  |d 698543 
952 |a SNK  |b SNK  |y PREZ  |7 0  |p 17A1411816  |o snkSP 117569  |0 0  |1 0  |4 0  |d 2020-05-29  |f 1  |l 0  |r 2026-02-23 20:44:37  |w 2026-02-23